| 000 | 01044nam a22002657a 4500 | ||
|---|---|---|---|
| 005 | 20150127151021.0 | ||
| 008 | 140714b xxu||||| |||| 00| 0 Urdu d | ||
| 010 | _aUR-8506 B-548302 | ||
| 020 |
_c200.00 _a9789361029565 |
||
| 035 | _aU-7061 B-548302 | ||
| 037 | _bBPPD/Publishers/Venders | ||
| 037 | _bDBAD/Pub. | ||
| 037 | _bStar Publications(Vend.)/Arshia Pub.(Pub.) | ||
| 040 |
_aDPL _bUrdu |
||
| 082 | _a844 | ||
| 100 | _aنعيم ا نيس | ||
| 245 |
_aميز ا ن ا فکا ر _cنعيم ا نيس |
||
| 246 |
_aMeezan-e- Afkaar _bby Dr. Nayeem Anis |
||
| 260 |
_bArshia Publictions _bStar Publications.( Vender) _c2012 |
||
| 260 | _a4/5Asaf Ali Road,New Delhi-110002 | ||
| 270 |
_aA-170,Ground Floor, 3,Surya Apartment, Dilshad Colony, _b دھلی _e110095 _k9971775969 |
||
| 300 |
_a176ص _c22Cm(Pb) |
||
| 942 |
_2ddc _cUR _mن ع ی _h844 |
||
| 999 |
_c87808 _d87808 |
||